• 首页
  • 本馆介绍
  • 公告通知
  • 最新文献
  • 馆藏检索
  • 电子资源
  • 读者导购
  • 参考咨询
  • 我的图书馆
  • 登录
  • 详细信息显示
  • 放入我的书架
  • 预约/预借图书
  • 作者相关作品
  • 分类相关作品
  • 丛书相关作品
  • 出版社相关作品

书目信息

  • 表格格式
  • 工作单格式
  • 卡片格式
题名:
天衡
    
 
作者: 顾宏义 著
分册:  
出版信息: 上海   上海书店出版社  2012.03
页数: 380页
开本: 23cm
丛书名: 两宋烽烟录
单 册:
中图分类: K245.05
科图分类:
主题词: 宋辽金元战争--通俗读物 , 宋辽金元战争
电子资源:
ISBN: 978-7-5458-0576-5
000 00914oam2 2200277 450
001 0100000134
005 20120612091406.70
010    @a978-7-5458-0576-5@dCNY38.00
100    @a20120427d2012 em y0chiy50 ea
101 0  @achi
102    @aCN@b310000
105    @aab z 000yy
106    @ar
200 1  @a天衡@9tian heng@e十世纪后期宋辽和战实录@f顾宏义著
210    @a上海@c上海书店出版社@d2012.03
215    @a380页@c图,地图@d23cm
225 2  @a两宋烽烟录
330    @a本书分为五章,内容包括:城头大王旗(947-959);画策收南北(959-975);呜咽高粱河(976-986);拉锯战未休(986-997)等。
461  0 @12001 @a两宋烽烟录
517 1  @a十世纪后期宋辽和战实录@9shi shi ji hou qi song liao he zhan shi lu
606 0  @a宋辽金元战争@j通俗读物
606 0  @a宋辽金元战争
690    @aK245.05@v5
701  0 @a顾宏义@9gu hong yi@f(1959-)@4著
801  0 @aCN@bRENTIAN@c20120427
905    @b539651-55@dK245.05@e7@f5
    
    天衡:十世纪后期宋辽和战实录/顾宏义著.-上海:上海书店出版社,2012.03
    380页:图,地图;23cm.-(两宋烽烟录)
    
    
    ISBN 978-7-5458-0576-5:CNY38.00
    本书分为五章,内容包括:城头大王旗(947-959);画策收南北(959-975);呜咽高粱河(976-986);拉锯战未休(986-997)等。
●
相关链接 在E读中查询图书 在五车中查询图书 在当当中查询图书 在豆瓣中查询图书


正题名:天衡     索取号:K245.05/7         预约/预借

序号 登录号 条形码 馆藏地/架位号 状态 备注
1 539651   205396515   第二样本阅览室/ [索取号:K245.05/7] 在馆    
2 539652   205396524   第二借阅区/ [索取号:K245.05/7] 在馆    
3 539653   205396533   密集书库-史法系/ [索取号:K245.05/7] 在馆    
4 539654   205396542   第二借阅区/ [索取号:K245.05/7] 在馆    
5 539655   205396551   第二借阅区/ [索取号:K245.05/7] 在馆    
唐山师范学院图书馆 欢迎您!
大连网信软件有限公司© 版权所有